Lilamani (Record no. 172180)

MARC details
000 -LEADER
fixed length control field 00609nam a22002177a 4500
003 - CONTROL NUMBER IDENTIFIER
control field dpl
005 - DATE AND TIME OF LATEST TRANSACTION
control field 20200128160050.0
008 - FIXED-LENGTH DATA ELEMENTS--GENERAL INFORMATION
fixed length control field 200128b ||||| |||| 00| 0 eng d
010 ## - LIBRARY OF CONGRESS CONTROL NUMBER
LC control number B-129784
020 ## - INTERNATIONAL STANDARD BOOK NUMBER
International Standard Book Number 0195666224
Terms of availability 475.00
040 ## - CATALOGING SOURCE
Transcribing agency 0
050 ## - LIBRARY OF CONGRESS CALL NUMBER
Classification number N
Item number DIV
082 ## - DEWEY DECIMAL CLASSIFICATION NUMBER
Classification number N
Item number DIV
100 ## - MAIN ENTRY--PERSONAL NAME
Personal name Diver, Maud
245 ## - TITLE STATEMENT
Title Lilamani
Remainder of title A Study In Possibilities/
Statement of responsibility, etc Maud Diver
Medium EN
260 ## - PUBLICATION, DISTRIBUTION, ETC. (IMPRINT)
Place of publication, distribution, etc New Delhi
Name of publisher, distributor, etc Oxford University Press
Date of publication, distribution, etc 2004
270 ## - ADDRESS
Address YMCA Library Building
City New Delhi
Country India
Postal code 110001
300 ## - PHYSICAL DESCRIPTION
Extent 363p.
Dimensions 18cms.
700 ## - ADDED ENTRY--PERSONAL NAME
Personal name Ed. by Crane, Ralph
942 ## - ADDED ENTRY ELEMENTS (KOHA)
Source of classification or shelving scheme Dewey Decimal Classification
Koha item type English Books
Classification part N
Item part DIV
Call number prefix N
Call number suffix DIV
Holdings
Withdrawn status Lost status Source of classification or shelving scheme Damaged status Not for loan Collection code Home library Current library Date acquired Source of acquisition Cost, normal purchase price Total Checkouts Full call number Barcode Date last seen Cost, replacement price Price effective from Koha item type
    Dewey Decimal Classification     Fiction Shahdara Branch Shahdara Branch 28/01/2020 BPPD/PUB 475.00   N DIV B-129784 28/01/2020 475.00 28/01/2020 English Books

© Delhi Public Library
Hit Counter
free hit counter